[Event "NZL-ch op-B 130th"]
[Site "Wellington"]
[Date "2023.01.10"]
[Round "9"]
[White "Knightbridge, Wayne"]
[Black "Malcolm, Leo"]
[Result "1-0"]
[WhiteElo "1776"]
[BlackElo "1777"]
[PlyCount "69"]
[EventDate "2023.01.02"]
[EventType "swiss"]
[EventRounds "9"]
[EventCountry "NZL"]
[SourceTitle "CBM 212 Extra"]
[Source "ChessBase"]
[SourceDate "2023.03.31"]
[SourceVersion "1"]
[SourceVersionDate "2023.03.31"]
[SourceQuality "1"]

1. e4 e5 2. Nf3 d5 3. exd5 e4 4. Qe2 Nf6 5. d3 Qxd5 6. dxe4 Nxe4 7. Nbd2 f5 8. Qb5+ Qxb5 9. Bxb5+ c6 10. Bd3 Nc5 11. Be2 Bd6 12. 0-0 0-0 13. Re1 Nbd7 14. Bc4+ Kh8 15. b3 b5 16. Bf1 Nf6 17. Bb2 Bb7 18. Rad1 Rad8 19. Nd4 a5 20. Nxf5 Bxh2+ 21. Kxh2 Ng4+ 22. Kg3 Rxf5 23. Kxg4 Rfd5 24. Bc1 Rd4+ 25. Kf3 h5 26. Re7 Bc8 27. Rde1 Kh7 28. R1e5 Nd7 29. Bd3+ Kg8 30. Rg5 Nf6 31. Rgxg7+ Kh8 32. Bb2 Bg4+ 33. Kg3 h4+ 34. Kh2 Rf4 35. Bxf6 1-0

[Event "NZL-ch op-B 130th"]
[Site "Wellington"]
[Date "2023.01.07"]
[Round "6"]
[White "Xing, Zeqi"]
[Black "Knightbridge, Wayne"]
[Result "1/2-1/2"]
[WhiteElo "1220"]
[BlackElo "1776"]
[PlyCount "59"]
[EventDate "2023.01.02"]
[EventType "swiss"]
[EventRounds "9"]
[EventCountry "NZL"]
[SourceTitle "CBM 212 Extra"]
[Source "ChessBase"]
[SourceDate "2023.03.31"]
[SourceVersion "1"]
[SourceVersionDate "2023.03.31"]
[SourceQuality "1"]

1. d4 d5 2. c4 e6 3. Nc3 Nf6 4. Bg5 Be7 5. e3 0-0 6. Nf3 Nbd7 7. cxd5 Nxd5 8. Bxe7 Qxe7 9. Nxd5 exd5 10. Bd3 Nf6 11. 0-0 c6 12. Re1 g6 13. Qc2 Ne4 14. Nd2 Bf5 15. f3 Nxd2 16. Qxd2 Bxd3 17. Qxd3 f5 18. e4 fxe4 19. fxe4 dxe4 20. Qxe4 Qxe4 21. Rxe4 Rae8 22. Rae1 Rxe4 23. Rxe4 Kf7 24. Rf4+ Ke7 25. Rxf8 Kxf8 26. Kf2 Ke7 27. Ke3 Kf6 28. Kf4 h6 29. g4 Ke6 30. Ke4 1/2-1/2

[Event "NZL-ch op-B 130th"]
[Site "Wellington"]
[Date "2023.01.04"]
[Round "3"]
[White "Knightbridge, Wayne"]
[Black "Chen, Anderson"]
[Result "1-0"]
[WhiteElo "1776"]
[BlackElo "1487"]
[PlyCount "81"]
[EventDate "2023.01.02"]
[EventType "swiss"]
[EventRounds "9"]
[EventCountry "NZL"]
[SourceTitle "CBM 212 Extra"]
[Source "ChessBase"]
[SourceDate "2023.03.31"]
[SourceVersion "1"]
[SourceVersionDate "2023.03.31"]
[SourceQuality "1"]

1. e4 c5 2. c3 Nc6 3. d4 cxd4 4. cxd4 e6 5. Nc3 g6 6. Nf3 Bg7 7. Be3 Nge7 8. Be2 0-0 9. 0-0 d5 10. exd5 Nxd5 11. Nxd5 Qxd5 12. Qa4 Bd7 13. Qc4 Qxc4 14. Bxc4 a6 15. Rfd1 Rab8 16. Rac1 h6 17. b3 Rfd8 18. d5 exd5 19. Bxd5 Rf8 20. Bc4 Be8 21. Bc5 Ne5 22. Nxe5 Bxe5 23. Bxf8 Kxf8 24. Be2 b5 25. Bg4 h5 26. Bd7 Bxd7 27. Rxd7 Ra8 28. Rcd1 a5 29. Rd8+ Rxd8 30. Rxd8+ Ke7 31. Ra8 Bc7 32. Ra6 b4 33. h3 Bd8 34. Kf1 Kf8 35. Ke2 Kg7 36. Kf3 Bc7 37. Ke4 Bd8 38. Kd5 g5 39. f3 f6 40. Ke6 h4 41. Kd7 1-0

[Event "NZL-ch Major op"]
[Site "Christchurch"]
[Date "2022.01.03"]
[Round "2"]
[White "Knightbridge, Wayne"]
[Black "Chen, Wei Kai"]
[Result "1/2-1/2"]
[WhiteElo "1602"]
[BlackElo "1744"]
[PlyCount "108"]
[EventDate "2022.01.02"]
[EventType "swiss"]
[EventRounds "9"]
[EventCountry "NZL"]
[SourceTitle "EXT 2024"]
[Source "ChessBase"]
[SourceDate "2023.10.10"]
[SourceVersion "1"]
[SourceVersionDate "2023.10.10"]
[SourceQuality "1"]

1. e4 e5 2. Nf3 Nc6 3. d4 exd4 4. Nxd4 Bc5 5. Be3 Qf6 6. c3 d6 7. Na3 a6 8. Nac2 Nge7 9. Nxc6 Bxe3 10. Nxe3 Nxc6 11. Nd5 Qd8 12. f4 0-0 13. Bd3 Ne7 14. Nxe7+ Qxe7 15. 0-0 Bd7 16. Qh5 f5 17. Rae1 g6 18. Qg5 Qxg5 19. fxg5 Rae8 20. exf5 Rxe1 21. Rxe1 Bxf5 22. Bxf5 Rxf5 23. Re7 Rf7 24. Re8+ Kg7 25. g3 h5 26. gxh6+ Kxh6 27. Kg2 Rd7 28. Kf3 Kg5 29. h3 d5 30. Re3 c6 31. b4 Kf5 32. a3 b6 33. g4+ Kf6 34. Re8 c5 35. bxc5 bxc5 36. Rc8 d4 37. cxd4 cxd4 38. Rc6+ Kg5 39. Ke2 Rh7 40. Rd6 Rxh3 41. a4 Kxg4 42. Rxg6+ Kf5 43. Rxa6 Ra3 44. Ra8 Ke4 45. Re8+ Kd5 46. Ra8 Kc4 47. Rc8+ Kb3 48. Ra8 Kc2 49. Rc8+ Rc3 50. Rxc3+ dxc3 51. a5 Kb2 52. a6 c2 53. a7 c1Q 54. a8Q Qc2+ 1/2-1/2

[Event "NZL-ch Major op"]
[Site "Christchurch"]
[Date "2022.01.02"]
[Round "1"]
[White "McDougall, Sylvia"]
[Black "Knightbridge, Wayne"]
[Result "0-1"]
[WhiteElo "1142"]
[BlackElo "1602"]
[PlyCount "70"]
[EventDate "2022.01.02"]
[EventType "swiss"]
[EventRounds "9"]
[EventCountry "NZL"]
[SourceTitle "EXT 2024"]
[Source "ChessBase"]
[SourceDate "2023.10.10"]
[SourceVersion "1"]
[SourceVersionDate "2023.10.10"]
[SourceQuality "1"]

1. e4 c6 2. Nc3 d5 3. exd5 cxd5 4. d4 Nc6 5. Nf3 Bf5 6. a3 Nf6 7. Bb5 e6 8. Ne5 Rc8 9. 0-0 Bd6 10. Bg5 0-0 11. Re1 Qc7 12. Bxf6 gxf6 13. Nxc6 bxc6 14. Bd3 Bxh2+ 15. Kf1 Bxd3+ 16. Qxd3 Bf4 17. g3 Bh6 18. Kg2 Bg7 19. Rh1 h6 20. Qf3 e5 21. Ne2 Qd7 22. Rac1 c5 23. c3 cxd4 24. cxd4 Rxc1 25. Rxc1 e4 26. Qh5 f5 27. f3 Rc8 28. Rxc8+ Qxc8 29. fxe4 dxe4 30. Kg1 Qc2 31. d5 Qd2 32. Nf4 Bd4+ 33. Kh1 Qf2 34. Qh2 Qf1+ 35. Qg1 Qxg1# 0-1

[Event "NZL-ch Major op"]
[Site "Palmerston North"]
[Date "2021.01.06"]
[Round "5"]
[White "Knightbridge, Wayne"]
[Black "Jackson, L Ross"]
[Result "1/2-1/2"]
[WhiteElo "1624"]
[BlackElo "1869"]
[PlyCount "59"]
[EventDate "2021.01.02"]
[EventType "swiss"]
[EventRounds "9"]
[EventCountry "NZL"]
[SourceTitle "EXT 2024"]
[Source "ChessBase"]
[SourceDate "2023.10.10"]
[SourceVersion "1"]
[SourceVersionDate "2023.10.10"]
[SourceQuality "1"]

1. e4 c5 2. Nf3 d6 3. d4 cxd4 4. Nxd4 Nf6 5. Nc3 g6 6. Be2 Bg7 7. Be3 Nc6 8. Nb3 Bd7 9. f3 a5 10. a4 Rc8 11. 0-0 0-0 12. Qd2 Nb4 13. Rab1 Be6 14. Nd4 Bc4 15. Bxc4 Rxc4 16. Rfc1 Qd7 17. Ndb5 Rc6 18. Bh6 Rc5 19. Bxg7 Kxg7 20. Re1 Rd8 21. Rbd1 Nc6 22. Qe3 Ne5 23. Qxc5 dxc5 24. Rxd7 Rxd7 25. Rd1 Nc4 26. Rxd7 Nxd7 27. b3 Nce5 28. Kf2 Nc6 29. Nd5 e6 30. Ne3 1/2-1/2

[Event "NZL-ch Major op"]
[Site "Palmerston North"]
[Date "2021.01.05"]
[Round "4"]
[White "Yu, Zachary"]
[Black "Knightbridge, Wayne"]
[Result "0-1"]
[WhiteElo "1314"]
[BlackElo "1624"]
[PlyCount "74"]
[EventDate "2021.01.02"]
[EventType "swiss"]
[EventRounds "9"]
[EventCountry "NZL"]
[SourceTitle "EXT 2024"]
[Source "ChessBase"]
[SourceDate "2023.10.10"]
[SourceVersion "1"]
[SourceVersionDate "2023.10.10"]
[SourceQuality "1"]

1. d4 d5 2. Bf4 Nf6 3. Nf3 Bf5 4. e3 e6 5. Bd3 Bxd3 6. Qxd3 c6 7. Qb3 Qb6 8. Qxb6 axb6 9. Nbd2 b5 10. Ne5 Nbd7 11. h3 Be7 12. Ke2 0-0 13. a3 Nxe5 14. Bxe5 Nd7 15. Bg3 Rfc8 16. b4 Nb6 17. f3 Ra4 18. c3 Rca8 19. Bc7 Nc4 20. Nxc4 dxc4 21. Kd2 Rxa3 22. Rxa3 Rxa3 23. e4 Kf8 24. g4 Ke8 25. Ba5 Bg5+ 26. Kc2 Ra2+ 27. Kb1 Rf2 28. h4 Bd2 29. Rh3 Bxc3 30. d5 cxd5 31. exd5 exd5 32. f4 d4 33. f5 d3 34. Re3+ Kd7 35. Re1 Rb2+ 36. Ka1 Re2+ 37. Kb1 Rxe1+ 0-1

[Event "NZL-ch Major op"]
[Site "Tauranga"]
[Date "2020.01.18"]
[Round "5"]
[White "Ashe, Michael"]
[Black "Knightbridge, Wayne"]
[Result "0-1"]
[WhiteElo "1643"]
[BlackElo "1676"]
[PlyCount "177"]
[EventDate "2020.01.14"]
[EventType "swiss"]
[EventRounds "9"]
[EventCountry "NZL"]
[SourceTitle "EXT 2021"]
[Source "ChessBase"]
[SourceDate "2020.10.23"]
[SourceVersion "1"]
[SourceVersionDate "2020.10.23"]
[SourceQuality "1"]

1. d4 d5 2. c4 e6 3. Nc3 Nf6 4. cxd5 exd5 5. Bg5 Be7 6. e3 0-0 7. Bd3 c6 8. Qc2 Nbd7 9. Nf3 Re8 10. 0-0 h6 11. Bh4 Ne4 12. Bxe7 Qxe7 13. Rab1 Nxc3 14. bxc3 b5 15. Nd2 Qg5 16. e4 Nb6 17. exd5 Nxd5 18. Ne4 Qh5 19. Rbe1 Be6 20. Nc5 Nf4 21. Nxe6 Nxd3 22. Qxd3 Rxe6 23. Rxe6 fxe6 24. Qe4 Qd5 25. Qe2 Rf8 26. Re1 Rf6 27. Qc2 Qc4 28. g3 Rf8 29. Rb1 Rf3 30. Rc1 Qd3 31. Qb3 Qc4 32. Qxc4 bxc4 33. Kf1 Rd3 34. Ke2 Kh7 35. f4 Kg6 36. Rc2 Kf5 37. Kf2 Rd1 38. Re2 Kf6 39. Rc2 Rd3 40. Ke2 Ke7 41. a4 Kd6 42. a5 Kc7 43. Rb2 Rxc3 44. Kd1 Ra3 45. Rc2 Rxa5 46. Rxc4 Ra2 47. Rc3 g6 48. h4 a5 49. Kc1 Kd6 50. Kb1 Ra4 51. h5 gxh5 52. Rc5 Rb4+ 53. Ka2 Rb5 54. Rc2 Rb4 55. Rc5 Rb5 56. Rc2 h4 57. gxh4 Rb4 58. Rc5 Rb5 59. Rc2 Rf5 60. Rf2 Kd5 61. Kb3 Kxd4 62. Rd2+ Kc5 63. Rc2+ Kd6 64. Rd2+ Ke7 65. Rd4 Kf6 66. Rc4 c5 67. Ka4 Kg6 68. Re4 Kh5 69. Rxe6 Rxf4+ 70. Kxa5 c4 71. Kb4 Rxh4 72. Kc3 Kg4 73. Kxc4 Kf5+ 74. Kd5 h5 75. Re5+ Kf4 76. Re4+ Kg3 77. Re8 Rf4 78. Ke5 h4 79. Rg8+ Rg4 80. Ra8 h3 81. Ra3+ Kh4 82. Ra2 Rg2 83. Ra4+ Kg3 84. Ra3+ Kh2 85. Ra1 Rf2 86. Ra8 Kg1 87. Ke4 h2 88. Rg8+ Rg2 89. Rh8 0-1

[Event "NZL-ch Major op"]
[Site "Tauranga"]
[Date "2020.01.16"]
[Round "3"]
[White "Zhu, David Junyang"]
[Black "Knightbridge, Wayne"]
[Result "1/2-1/2"]
[WhiteElo "1267"]
[BlackElo "1676"]
[PlyCount "109"]
[EventDate "2020.01.14"]
[EventType "swiss"]
[EventRounds "9"]
[EventCountry "NZL"]
[SourceTitle "EXT 2021"]
[Source "ChessBase"]
[SourceDate "2020.10.23"]
[SourceVersion "1"]
[SourceVersionDate "2020.10.23"]
[SourceQuality "1"]

1. c4 Nf6 2. g3 g6 3. Nc3 Bg7 4. Bg2 0-0 5. e4 d6 6. Nge2 e5 7. d3 c6 8. 0-0 Nbd7 9. a3 a6 10. Bd2 Rb8 11. b4 b5 12. cxb5 cxb5 13. Rc1 Nb6 14. Be3 Be6 15. f4 Qd7 16. Qd2 Ng4 17. Nd1 Nxe3 18. Nxe3 f6 19. f5 Bf7 20. fxg6 hxg6 21. Nd1 Be6 22. Ndc3 Qb7 23. Rc2 Kh7 24. Qe1 Rbc8 25. Rb2 Rfd8 26. Qf2 Rf8 27. Qe1 Bh6 28. Kh1 Na4 29. Nxa4 bxa4 30. d4 Bc4 31. Rf3 Bxe2 32. Qxe2 Rc1+ 33. Rf1 Rfc8 34. b5 axb5 35. Rxb5 Qc6 36. d5 Qc2 37. Rxc1 Qxc1+ 38. Qf1 Qxf1+ 39. Bxf1 Rc1 40. Kg2 Ra1 41. Rb7+ Kg8 42. Ra7 Ra2+ 43. Kh3 Rxa3 44. Bb5 Ra2 45. Rxa4 Rxa4 46. Bxa4 f5 47. Bc2 Kf7 48. exf5 gxf5 49. Bxf5 Kf6 50. Be4 Kg5 51. Kg2 Kh5 52. Kf3 Bd2 53. h3 Be1 54. Kg2 Kg5 55. Bf3 1/2-1/2

[Event "NZL-ch Major op"]
[Site "Tauranga"]
[Date "2020.01.15"]
[Round "2"]
[White "Knightbridge, Wayne"]
[Black "Carpinter, Bernard Alan"]
[Result "1/2-1/2"]
[WhiteElo "1676"]
[BlackElo "1905"]
[PlyCount "107"]
[EventDate "2020.01.14"]
[EventType "swiss"]
[EventRounds "9"]
[EventCountry "NZL"]
[SourceTitle "EXT 2021"]
[Source "ChessBase"]
[SourceDate "2020.10.23"]
[SourceVersion "1"]
[SourceVersionDate "2020.10.23"]
[SourceQuality "1"]

1. e4 e5 2. Bc4 Nf6 3. d3 c6 4. Nf3 d5 5. exd5 cxd5 6. Bb5+ Bd7 7. Bxd7+ Nbxd7 8. Nc3 d4 9. Ne4 Nd5 10. 0-0 Be7 11. c4 dxc3 12. Nxc3 Nxc3 13. bxc3 0-0 14. Re1 Bf6 15. d4 exd4 16. cxd4 Nb6 17. Ba3 Re8 18. Rxe8+ Qxe8 19. Qb3 Qd7 20. Rd1 Qd5 21. Qxd5 Nxd5 22. Rc1 Rd8 23. g3 g6 24. Kf1 Kg7 25. Ke2 g5 26. h3 h5 27. Bb2 b6 28. a3 Rd7 29. Kd3 Kg6 30. Ng1 Ne7 31. Ne2 Kf5 32. Rc2 Ng6 33. Rc1 h4 34. g4+ Ke6 35. Rc6+ Rd6 36. d5+ Ke7 37. Bxf6+ Rxf6 38. Rxf6 Kxf6 39. Ke4 Ne5 40. f4 gxf4 41. Kxf4 Nc4 42. a4 a6 43. Nc3 Nd6 44. g5+ Ke7 45. Kg4 b5 46. axb5 axb5 47. Kxh4 b4 48. Nb1 Ne4 49. Kg4 Nc3 50. Nd2 Nxd5 51. Kf3 Kf8 52. Ke4 Nc7 53. Kd3 Kg7 54. Kc4 1/2-1/2

[Event "NZL-ch Major op"]
[Site "Tauranga"]
[Date "2020.01.14"]
[Round "1"]
[White "Tang, Tracy"]
[Black "Knightbridge, Wayne"]
[Result "1/2-1/2"]
[WhiteElo "1255"]
[BlackElo "1676"]
[PlyCount "98"]
[EventDate "2020.01.14"]
[EventType "swiss"]
[EventRounds "9"]
[EventCountry "NZL"]
[SourceTitle "EXT 2021"]
[Source "ChessBase"]
[SourceDate "2020.10.23"]
[SourceVersion "1"]
[SourceVersionDate "2020.10.23"]
[SourceQuality "1"]

1. d4 d5 2. c4 e6 3. Nc3 Nf6 4. Nf3 c6 5. cxd5 exd5 6. Bg5 Be7 7. e3 h6 8. Bf4 Bf5 9. Be2 Nbd7 10. 0-0 0-0 11. a3 a5 12. Rc1 b5 13. Ne5 Nxe5 14. Bxe5 Bd6 15. Bxd6 Qxd6 16. Bd3 Bxd3 17. Qxd3 Rfe8 18. h3 Rac8 19. f3 Qg3 20. Qf5 Qg5 21. Qxg5 hxg5 22. Rfe1 Rcd8 23. b4 axb4 24. axb4 Ra8 25. e4 dxe4 26. fxe4 Rab8 27. e5 Nd7 28. Ne4 Rb6 29. Nxg5 f6 30. exf6 Rxe1+ 31. Rxe1 gxf6 32. Re8+ Kg7 33. Nf3 Kf7 34. Re1 Ra6 35. g4 Ra4 36. Rb1 Nb6 37. Nd2 Nd5 38. Ne4 Rxb4 39. Rxb4 Nxb4 40. Nc5 Nd5 41. Kf2 Kg6 42. Kf3 Kg5 43. Kg3 Nc3 44. h4+ Kg6 45. h5+ Kf7 46. Kf4 Nd5+ 47. Kf5 Ne3+ 48. Kf4 Nd5+ 49. Kf3 Nc3 1/2-1/2

[Event "NZL-ch Major op"]
[Site "Auckland"]
[Date "2019.01.22"]
[Round "9"]
[White "Eade, Don"]
[Black "Knightbridge, Wayne"]
[Result "0-1"]
[WhiteElo "1806"]
[BlackElo "1637"]
[PlyCount "70"]
[EventDate "2019.01.14"]
[EventType "swiss"]
[EventRounds "9"]
[EventCountry "NZL"]
[SourceTitle "CBM 189 Extra"]
[Source "ChessBase"]
[SourceDate "2019.06.03"]
[SourceVersion "1"]
[SourceVersionDate "2019.06.03"]
[SourceQuality "1"]

1. e4 c5 2. Nc3 d6 3. g3 Nc6 4. Bg2 g6 5. f4 Bg7 6. Nf3 a6 7. 0-0 Nf6 8. h3 0-0 9. d3 Qc7 10. Be3 b5 11. Qe1 b4 12. Ne2 Nd7 13. Rb1 e5 14. f5 Nd4 15. Nexd4 cxd4 16. Bd2 Qxc2 17. Qe2 Nc5 18. fxg6 hxg6 19. Rfc1 Qxd3 20. Qxd3 Nxd3 21. Rc6 Rd8 22. Bf1 Bb7 23. Rc7 Bxe4 24. Ng5 Nc5 25. Re1 Bd5 26. Bxb4 Rdc8 27. Rxc8+ Rxc8 28. b3 Bh6 29. Bxc5 Rxc5 30. Ne4 Bxe4 31. Rxe4 Be3+ 32. Kg2 Rc2+ 33. Kh1 f5 34. Rh4 Rxa2 35. b4 Kg7 0-1

[Event "NZL-ch Major op"]
[Site "Auckland"]
[Date "2019.01.20"]
[Round "7"]
[White "Wang, Aaron Ziwen"]
[Black "Knightbridge, Wayne"]
[Result "1/2-1/2"]
[WhiteElo "1502"]
[BlackElo "1637"]
[PlyCount "51"]
[EventDate "2019.01.14"]
[EventType "swiss"]
[EventRounds "9"]
[EventCountry "NZL"]
[SourceTitle "CBM 189 Extra"]
[Source "ChessBase"]
[SourceDate "2019.06.03"]
[SourceVersion "1"]
[SourceVersionDate "2019.06.03"]
[SourceQuality "1"]

1. c4 Nf6 2. Nc3 d5 3. e3 e6 4. Nf3 c5 5. d4 cxd4 6. Nxd4 Nc6 7. cxd5 Nxd5 8. Bb5 Nxc3 9. bxc3 Bd7 10. 0-0 a6 11. Be2 Qc7 12. Rb1 Be7 13. Bf3 0-0 14. Nxc6 Bxc6 15. Bxc6 Qxc6 16. Qb3 b5 17. Ba3 Bxa3 18. Qxa3 Rac8 19. Rfd1 Rfd8 20. Qa5 Rxd1+ 21. Rxd1 g6 22. Rd8+ Rxd8 23. Qxd8+ Kg7 24. Qd4+ Kg8 25. Qd8+ Kg7 26. Qd4+ 1/2-1/2

[Event "NZL-ch Major op"]
[Site "Auckland"]
[Date "2019.01.17"]
[Round "4"]
[White "Knightbridge, Wayne"]
[Black "Zhang, Kendrick Botong"]
[Result "1-0"]
[WhiteElo "1637"]
[BlackElo "1276"]
[PlyCount "91"]
[EventDate "2019.01.14"]
[EventType "swiss"]
[EventRounds "9"]
[EventCountry "NZL"]
[SourceTitle "CBM 189 Extra"]
[Source "ChessBase"]
[SourceDate "2019.06.03"]
[SourceVersion "1"]
[SourceVersionDate "2019.06.03"]
[SourceQuality "1"]

1. e4 c5 2. Nf3 d6 3. d4 cxd4 4. Nxd4 Nf6 5. Nc3 g6 6. f3 Bg7 7. Be3 0-0 8. Qd2 Nc6 9. 0-0-0 d5 10. Nxc6 bxc6 11. exd5 Nxd5 12. Nxd5 cxd5 13. Qxd5 Qc7 14. Qc5 Qb8 15. Bd4 Bh6+ 16. Be3 Bg7 17. Bd4 e5 18. Bc3 Bf5 19. Ba6 Bc8 20. Bc4 Be6 21. Bxe6 fxe6 22. Qd6 Qe8 23. Bxe5 Bh6+ 24. f4 Rc8 25. Qd7 Bxf4+ 26. Bxf4 Rxf4 27. Qxe8+ Rxe8 28. Rhf1 Rxf1 29. Rxf1 Rd8 30. c4 Rd4 31. b3 Kg7 32. Kc2 a5 33. Kc3 Re4 34. Kd3 Rh4 35. h3 e5 36. c5 Rd4+ 37. Ke3 a4 38. c6 axb3 39. axb3 Rd8 40. c7 Rc8 41. Rc1 Kf6 42. b4 Ke6 43. b5 Kd7 44. b6 Re8 45. b7 e4 46. c8Q+ 1-0

[Event "NZL-ch Major op"]
[Site "Auckland"]
[Date "2019.01.15"]
[Round "2"]
[White "Ashe, Michael"]
[Black "Knightbridge, Wayne"]
[Result "0-1"]
[WhiteElo "1341"]
[BlackElo "1637"]
[PlyCount "166"]
[EventDate "2019.01.14"]
[EventType "swiss"]
[EventRounds "9"]
[EventCountry "NZL"]
[SourceTitle "CBM 189 Extra"]
[Source "ChessBase"]
[SourceDate "2019.06.03"]
[SourceVersion "1"]
[SourceVersionDate "2019.06.03"]
[SourceQuality "1"]

1. d4 Nf6 2. c4 e6 3. Nc3 Bb4 4. e3 b6 5. Nge2 Ba6 6. Ng3 Bb7 7. Bd3 Bxg2 8. Rg1 Bb7 9. e4 Bf8 10. e5 Ng8 11. Nh5 g6 12. Bg5 Be7 13. Bxe7 Qxe7 14. Ng3 f5 15. Qd2 Nc6 16. Nge2 0-0-0 17. a3 d6 18. exd6 cxd6 19. 0-0-0 Nf6 20. Rge1 Qf7 21. Kb1 e5 22. d5 Nb8 23. f4 Rhe8 24. Ng1 e4 25. Bc2 Ng4 26. Nh3 h6 27. Nb5 Ba6 28. Rc1 Bxb5 29. cxb5 Kb7 30. Ng1 Nf6 31. Ne2 Qxd5 32. Qxd5+ Nxd5 33. Red1 Ne3 34. Re1 Nxc2 35. Rxc2 Nd7 36. b4 d5 37. Rd1 Nf6 38. Rcd2 d4 39. Rxd4 Rxd4 40. Rxd4 Kc7 41. Nc3 Nd7 42. Nd5+ Kc8 43. Ne3 Nf8 44. h4 Rd8 45. Rc4+ Kb8 46. Rc3 Ne6 47. Ng2 Rc8 48. Rc6 Rxc6 49. bxc6 a6 50. a4 b5 51. axb5 axb5 52. Kb2 Kc7 53. Kc3 Kxc6 54. Kb3 Nc7 55. h5 gxh5 56. Ne3 Nd5 57. Nxf5 Nxf4 58. Kc3 Nd5+ 59. Kd4 e3 60. Kd3 Kd7 61. Ke2 Ke8 62. Nd6+ Kd7 63. Nxb5 h4 64. Nd4 h3 65. Nf3 Kc6 66. Nh2 Kb5 67. Kf3 Kxb4 68. Kg3 Kc3 69. Kxh3 Ne7 70. Kg2 Kd3 71. Nf3 Nf5 72. Ne1+ Ke2 73. Nc2 Kd2 74. Nxe3 Kxe3 75. Kh3 Kf4 76. Kh2 Kg4 77. Kg2 h5 78. Kh2 h4 79. Kg2 Ne3+ 80. Kh2 h3 81. Kg1 Kg3 82. Kh1 Ng4 83. Kg1 h2+ 0-1

[Event "Palmy Knights op"]
[Site "Palmerston North"]
[Date "2018.01.09"]
[Round "6"]
[White "Lyall, Simon"]
[Black "Knightbridge, Wayne"]
[Result "1-0"]
[WhiteElo "1760"]
[BlackElo "1646"]
[PlyCount "53"]
[EventDate "2018.01.02"]
[EventType "swiss"]
[EventRounds "6"]
[EventCountry "NZL"]
[SourceTitle "EXT 2019"]
[Source "ChessBase"]
[SourceDate "2018.10.10"]
[SourceVersion "1"]
[SourceVersionDate "2018.10.10"]
[SourceQuality "1"]

1. e4 e6 2. d4 d5 3. e5 c5 4. c3 Nc6 5. Nf3 Bd7 6. Be2 f6 7. 0-0 fxe5 8. dxe5 Nge7 9. Bd3 Qc7 10. Re1 g6 11. Bf4 Bg7 12. Na3 a6 13. Rc1 c4 14. Bb1 Rf8 15. Qd2 Rh8 16. h3 0-0-0 17. Nc2 Rdf8 18. Bh2 h6 19. Ncd4 g5 20. b3 b5 21. a4 Nxd4 22. Nxd4 bxa4 23. bxc4 dxc4 24. Be4 Qc5 25. Rb1 Nc6 26. Qb2 Kd8 27. Bxc6 1-0

[Event "Palmy Knights op"]
[Site "Palmerston North"]
[Date "2018.01.04"]
[Round "3"]
[White "Cooper, Nigel"]
[Black "Knightbridge, Wayne"]
[Result "1/2-1/2"]
[WhiteElo "1692"]
[BlackElo "1646"]
[PlyCount "49"]
[EventDate "2018.01.02"]
[EventType "swiss"]
[EventRounds "6"]
[EventCountry "NZL"]
[SourceTitle "EXT 2019"]
[Source "ChessBase"]
[SourceDate "2018.10.10"]
[SourceVersion "1"]
[SourceVersionDate "2018.10.10"]
[SourceQuality "1"]

1. c4 Nf6 2. Nc3 e6 3. Nf3 d5 4. g3 b6 5. Bg2 Bb7 6. 0-0 Be7 7. Qa4+ Qd7 8. Nb5 0-0 9. Ne5 Qe8 10. Qc2 Bd8 11. b3 a6 12. Nc3 c5 13. e3 Nc6 14. d4 cxd4 15. Nxc6 Bxc6 16. cxd5 Nxd5 17. Nxd5 Bxd5 18. Bxd5 exd5 19. exd4 Qd7 20. Ba3 Re8 21. Rac1 Bf6 22. Bb2 Rac8 23. Qd3 b5 24. Qd2 Rxc1 25. Rxc1 1/2-1/2